Nazioni Serie A Goal of the Month - Statistics

Statistiche generali
  • Questo quiz è stato fatto 12 volte
  • Il punteggio medio è 9 su 12
Statistiche sulle risposte
Continente Numero titoli Numero calciatori Nazione % Corretto
Europa 3 2 Francia
100%
Europa 1 1 Spagna
100%
Europa 11 8 Italia
92%
Europa 2 2 Portogallo
92%
Europa 1 1 Croazia
83%
Africa 1 1 Nigeria
83%
Europa 2 2 Belgio
75%
America del Sud 1 1 Colombia
67%
Asia / Europa 2 1 Georgia
58%
Europa 1 1 Ucraina
58%
Africa 1 1 Senegal
50%
Europa 1 1 Scozia
33%
Nessun quiz corrispondente trovato
Distribuzione punteggi
Percentuale di utenti per punteggio
Percentile per numero di risposta
I tuoi punteggi nel tempo
Non hai fatto questo quiz